[Event "TCh-FRA Top 12 2016"]
[Site "Drancy FRA"]
[Date "2016.06.04"]
[Round "8.5"]
[Board "6"]
[White "Roos, Daniel"]
[Black "Bachmann, Axel"]
[Result "0-1"]
[WhiteTitle "IM"]
[BlackTitle "GM"]
[WhiteElo "2332"]
[BlackElo "2632"]
[WhiteTeam "C.E. STRASBOURG"]
[BlackTeam "C.E. de BOIS COLOMBES"]
[WhiteFideId "600253"]
[BlackFideId "3700488"]
[EventDate "2016.05.28"]

1. Nf3 c5 2. g3 Nc6 3. d4 cxd4 4. Nxd4 g6 5. Bg2 Bg7 6. Nxc6 bxc6 7. Nd2 a5 8.
a4 Nf6 9. Nb3 Ba6 10. O-O Bc4 11. Nc5 O-O 12. Nd3 Bd5 13. f3 Qb6+ 14. Kh1 d6 15.
e4 Bc4 16. Qe2 Nd7 17. Rb1 Qa6 18. Rd1 Nc5 19. b3 Rfb8 20. Bg5 Nxd3 21. bxc4 Nb2
22. Bxe7 Nxd1 23. Rxd1 Rb4 24. Bf1 Rxa4 25. c3 Qb7 26. Bxd6 Qb3 27. Qd3 Ra2 28.
Rb1 Qxc3 0-1

[Event "TCh-FRA Top 12 2016"]
[Site "Drancy FRA"]
[Date "2016.06.04"]
[Round "8.5"]
[Board "7"]
[White "Guichard, Pauline"]
[Black "Roos, Louis"]
[Result "0-1"]
[WhiteTitle "WGM"]
[BlackTitle "IM"]
[WhiteElo "2386"]
[BlackElo "2359"]
[WhiteTeam "C.E. de BOIS COLOMBES"]
[BlackTeam "C.E. STRASBOURG"]
[WhiteFideId "639370"]
[BlackFideId "600288"]
[EventDate "2016.05.28"]

1. Nf3 c5 2. c4 Nc6 3. g3 g6 4. Bg2 Bg7 5. Nc3 a6 6. O-O Rb8 7. d3 d6 8. Be3 Nh6
9. Nh4 Bd7 10. h3 f5 11. Nf3 Nf7 12. Qd2 b5 13. Ng5 Nxg5 14. Bxg5 h6 15. Be3 b4
16. Nd5 e6 17. Nf4 Qf6 18. Rab1 Ne7 19. h4 a5 20. Rfd1 a4 21. Qe1 e5 22. Nd5
Nxd5 23. Bxd5 f4 24. Bd2 g5 25. f3 Ke7 26. h5 g4 27. d4 cxd4 28. gxf4 exf4 29.
fxg4 Qg5 30. Qf2 Be5 31. Be1 Bxg4 32. Bg2 Rhg8 33. Kf1 Bxh5 34. Rd3 Bg6 35. Rbd1
Bxd3 36. Rxd3 b3 37. a3 Qxg2+ 38. Qxg2 Rxg2 39. Kxg2 Rc8 40. Kf3 Rxc4 41. Bf2
Ke6 42. Rd1 Kd5 43. e3 fxe3 44. Bxe3 Rc2 45. Bc1 h5 0-1

[Event "TCh-FRA Top 12 2016"]
[Site "Drancy FRA"]
[Date "2016.06.04"]
[Round "8.5"]
[Board "8"]
[White "Nicoara, Malina"]
[Black "Vuilleumier, Alexandre"]
[Result "0-1"]
[WhiteTitle "WIM"]
[BlackTitle "IM"]
[WhiteElo "2088"]
[BlackElo "2384"]
[WhiteTeam "C.E. STRASBOURG"]
[BlackTeam "C.E. de BOIS COLOMBES"]
[WhiteFideId "604631"]
[BlackFideId "1305662"]
[EventDate "2016.05.28"]

1. d4 d6 2. Nf3 g6 3. c4 Bg7 4. Nc3 Nf6 5. g3 O-O 6. Bg2 Nbd7 7. O-O e5 8. h3
Re8 9. dxe5 dxe5 10. Be3 c6 11. Rc1 Qc7 12. b4 Nb6 13. Nd2 Be6 14. Na4 Red8 15.
Qc2 Nfd7 16. Nb2 a5 17. a3 axb4 18. axb4 Ra3 19. Ra1 Rda8 20. Rxa3 Rxa3 21. Nb3
Ra2 22. Qb1 Ra8 23. Rc1 Bf5 24. Nd3 Na4 25. b5 e4 26. Nb4 Nc3 27. Qc2 cxb5 28.
cxb5 Qd6 29. Nd4 Bxd4 30. Bxd4 Nxe2+ 31. Qxe2 Qxd4 32. Nc2 Qb2 33. Qe3 Rc8 34.
g4 Be6 35. Bxe4 Nf6 36. Bd3 Nd5 37. Qh6 Nb4 38. Nxb4 Qxc1+ 39. Qxc1 Rxc1+ 40.
Kg2 Rc3 41. Be2 Bc4 42. Bf3 Bf1+ 0-1

[Event "TCh-FRA Top 12 2016"]
[Site "Drancy FRA"]
[Date "2016.06.04"]
[Round "8.6"]
[Board "1"]
[White "Komarov, Dimitri"]
[Black "Gledura, Benjamin"]
[Result "1/2-1/2"]
[WhiteTitle "GM"]
[BlackTitle "IM"]
[WhiteElo "2506"]
[BlackElo "2557"]
[WhiteTeam "Cavalier Bleu DRANCY"]
[BlackTeam "MULHOUSE Philidor"]
[WhiteFideId "14101270"]
[BlackFideId "712779"]
[EventDate "2016.05.28"]

1. d4 Nf6 2. Nf3 g6 3. c4 Bg7 4. g3 c6 5. Bg2 d5 6. cxd5 cxd5 7. O-O O-O 8. Nc3
Ne4 9. Ne5 Nxc3 10. bxc3 Nc6 11. Nxc6 bxc6 12. Qa4 Qb6 13. Ba3 Qa6 1/2-1/2

[Event "TCh-FRA Top 12 2016"]
[Site "Drancy FRA"]
[Date "2016.06.04"]
[Round "8.6"]
[Board "2"]
[White "Bluebaum, Matthias"]
[Black "Chabanon, Jean-Luc"]
[Result "1/2-1/2"]
[WhiteTitle "GM"]
[BlackTitle "GM"]
[WhiteElo "2633"]
[BlackElo "2452"]
[WhiteTeam "MULHOUSE Philidor"]
[BlackTeam "Cavalier Bleu DRANCY"]
[WhiteFideId "24651516"]
[BlackFideId "600075"]
[EventDate "2016.05.28"]

1. d4 Nf6 2. c4 e6 3. Nf3 c5 4. d5 exd5 5. cxd5 d6 6. Nc3 g6 7. Bf4 Bg7 8. h3
O-O 9. e3 Na6 10. Bxa6 bxa6 11. O-O Rb8 12. Qe2 Re8 13. Rac1 Rb4 14. Bh2 Qb6 15.
b3 a5 16. Rfd1 Ba6 17. Qc2 Nd7 18. Nd2 Qb8 19. a3 Rb6 20. Nc4 Bxc4 21. bxc4 Rb2
22. Qa4 Nb6 23. Qxa5 Nxc4 24. Qa4 Nb6 25. Qa6 Qd8 26. Na4 Nxa4 27. Qxa4 Be5 28.
Bxe5 Rxe5 1/2-1/2

[Event "TCh-FRA Top 12 2016"]
[Site "Drancy FRA"]
[Date "2016.06.04"]
[Round "8.6"]
[Board "3"]
[White "Kogan, Arthur"]
[Black "Heimann, Andreas"]
[Result "1/2-1/2"]
[WhiteTitle "GM"]
[BlackTitle "IM"]
[WhiteElo "2528"]
[BlackElo "2578"]
[WhiteTeam "Cavalier Bleu DRANCY"]
[BlackTeam "MULHOUSE Philidor"]
[WhiteFideId "2800802"]
[BlackFideId "24624632"]
[EventDate "2016.05.28"]

1. d4 Nf6 2. c4 e6 3. Nf3 b6 4. g3 Bb4+ 5. Bd2 Be7 6. Nc3 Bb7 7. Bg2 c6 8. e4 d5
9. exd5 cxd5 10. Ne5 O-O 11. O-O Nc6 12. cxd5 Nxe5 13. d6 Nc6 14. dxe7 Qxe7 15.
Bg5 h6 16. d5 Na5 17. Bxf6 Qxf6 18. dxe6 Bxg2 19. Kxg2 Qxe6 20. Re1 Qc6+ 21. Qf3
Rad8 22. Rad1 Rxd1 23. Rxd1 Qxf3+ 24. Kxf3 Nc4 25. Ke4 1/2-1/2

[Event "TCh-FRA Top 12 2016"]
[Site "Drancy FRA"]
[Date "2016.06.04"]
[Round "8.6"]
[Board "4"]
[White "Istratescu, Andrei"]
[Black "Bijaoui, Manuel"]
[Result "0-1"]
[WhiteTitle "GM"]
[BlackTitle "IM"]
[WhiteElo "2592"]
[BlackElo "2406"]
[WhiteTeam "MULHOUSE Philidor"]
[BlackTeam "Cavalier Bleu DRANCY"]
[WhiteFideId "1200372"]
[BlackFideId "626783"]
[EventDate "2016.05.28"]

1. d4 Nf6 2. c4 g6 3. Nc3 Bg7 4. e4 d6 5. Nf3 O-O 6. h3 e5 7. d5 a5 8. g4 Na6 9.
Be3 Nd7 10. a3 Nb6 11. Rg1 Bd7 12. Nd2 Kh8 13. g5 f5 14. h4 Nc8 15. f3 Ne7 16.
Qe2 f4 17. Bf2 c6 18. Rh1 Kg8 19. Bh3 Bxh3 20. Rxh3 Qd7 21. Rh1 Rfb8 22. Qd3 c5
23. h5 Nc7 24. a4 Kf7 25. O-O-O Rh8 26. h6 Bf8 27. b3 Nc8 28. Rdg1 Be7 29. Rg4
Ke8 30. Ndb1 Rf8 31. Be1 Na6 32. Rhg1 Rf7 33. Nd1 Nc7 34. Bc3 b6 35. Nf2 Na6 36.
Qe2 Nb4 37. Kd1 Kd8 38. Qb2 Kc7 39. Bd2 Kb7 40. Nc3 Na7 41. Bc1 Raf8 42. Qe2 Bd8
43. Qf1 Bc7 44. Qh3 Bd8 45. Kd2 Bc7 46. Bb2 Nc8 47. Ne2 Kb8 48. Nc1 Kb7 49. Rh4
Qxh3 50. Rxh3 Ne7 51. Rh4 Nc8 52. Ne2 Ne7 53. Rgg4 Nc8 54. Nc1 Kb8 55. Ncd3 Nxd3
56. Nxd3 Kb7 57. Ke2 Kb8 58. Bc1 Bd8 59. Nxf4 exf4 60. Rxf4 Rxf4 61. Bxf4 Kc7
62. Bd2 Kd7 63. f4 Ne7 64. Rh1 Rf7 65. Kf3 Ke8 66. Kg4 Bc7 67. Bc3 Bd8 68. Re1
Kf8 69. Bg7+ Kg8 70. Bf6 Rf8 71. f5 Re8 72. Bc3 Kf7 73. Kf4 Rf8 74. Bg7 Re8 75.
Re3 Nxf5 0-1

[Event "TCh-FRA Top 12 2016"]
[Site "Drancy FRA"]
[Date "2016.06.04"]
[Round "8.6"]
[Board "6"]
[White "Ider, Borya"]
[Black "Petkov, Vladimir"]
[Result "1-0"]
[WhiteTitle "IM"]
[BlackTitle "GM"]
[WhiteElo "2430"]
[BlackElo "2493"]
[WhiteTeam "MULHOUSE Philidor"]
[BlackTeam "Cavalier Bleu DRANCY"]
[WhiteFideId "4901134"]
[BlackFideId "2901188"]
[EventDate "2016.05.28"]

1. d4 Nf6 2. Nf3 e6 3. g3 b5 4. Bg2 Bb7 5. Bg5 c5 6. c3 cxd4 7. Bxf6 gxf6 8.
cxd4 Bg7 9. O-O f5 10. a4 b4 11. a5 O-O 12. Nbd2 Bd5 13. Qa4 Nc6 14. e3 a6 15.
Rfc1 Rb8 16. Bf1 Qc8 17. Bc4 Bxc4 18. Nxc4 Qb7 19. Ne1 f4 20. gxf4 Kh8 21. Nd6
Qc7 22. Ne4 Rb5 23. Qc2 f5 24. Ng5 Qd6 25. Nd3 h6 26. Nf3 Rg8 27. Kf1 Qd5 28.
Qe2 d6 29. Nde1 Nxa5 30. Rc7 Bf6 31. Qc2 Rbb8 32. Qd3 Bd8 33. Rc2 Rb7 34. Qxa6
Rbg7 35. Ra4 Ra7 36. Qxa7 Qb5+ 37. Re2 Qxa4 38. d5 Qb5 39. Qd4+ e5 40. fxe5 Nb3
41. Qd3 Qa4 42. Qxf5 Nc1 43. Qf4 Kg7 44. Rc2 Nd3 45. Qg4+ Kh8 46. Qe6 Kg7 47.
Nd4 Nxe1 48. Rc7+ 1-0

[Event "TCh-FRA Top 12 2016"]
[Site "Drancy FRA"]
[Date "2016.06.04"]
[Round "8.6"]
[Board "7"]
[White "Karr, Jean-Philippe"]
[Black "Sokolov, Andrei1"]
[Result "0-1"]
[WhiteTitle "IM"]
[BlackTitle "GM"]
[WhiteElo "2366"]
[BlackElo "2528"]
[WhiteTeam "Cavalier Bleu DRANCY"]
[BlackTeam "MULHOUSE Philidor"]
[WhiteFideId "612227"]
[BlackFideId "627089"]
[EventDate "2016.05.28"]

1. d4 Nf6 2. c4 e6 3. g3 d5 4. Nf3 Bb4+ 5. Bd2 a5 6. Bg2 O-O 7. Qc2 c5 8. dxc5
d4 9. Bxb4 axb4 10. Nbd2 Nc6 11. Ng5 h6 12. Bxc6 bxc6 13. Ngf3 e5 14. Nxe5 Re8
15. Nd3 Bh3 16. Nf4 g5 17. Nd3 Qe7 18. Nb3 Qe4 19. O-O-O Rxa2 20. Nxb4 Ra4 21.
Qxe4 Nxe4 22. Nd3 Bf5 23. Rdf1 Rxc4+ 24. Kd1 Bh3 25. Re1 Ra4 26. Nd2 Bf5 27.
Nxe4 Bxe4 28. f3 Bxd3 29. exd3 Rb8 30. Kc2 Rab4 31. Rb1 R8b5 32. Rhc1 Rxc5+ 33.
Kd2 Rf5 34. Rxc6 Rxf3 35. Ke2 Re3+ 36. Kd2 Rb3 37. Rxh6 Rexd3+ 38. Kc2 Rf3 39.
Rd1 Rb4 40. Rd2 f6 41. g4 Kg7 42. Rh5 Rc4+ 43. Kb1 d3 44. h4 Rxg4 45. hxg5 fxg5
46. b3 Kg6 47. Rh8 Rd4 48. Kb2 g4 49. Kc3 Rd7 50. b4 Kg5 51. b5 Rb7 52. Kc4 Rf4+
53. Kxd3 Rxb5 54. Rdh2 Rf3+ 55. Kd4 Kf4 56. R2h7 Kg3 57. Rg8 Rf4+ 58. Kd3 Rb3+
59. Kc2 Re3 60. Kd2 Ra3 61. Rd7 Rf2+ 62. Ke1 Ra1+ 63. Rd1 Rxd1+ 64. Kxd1 Rf4 65.
Ke2 Kg2 66. Ke3 Rf3+ 67. Ke2 g3 68. Rg7 Rf8 0-1

[Event "TCh-FRA Top 12 2016"]
[Site "Drancy FRA"]
[Date "2016.06.04"]
[Round "8.6"]
[Board "8"]
[White "Neuhauser, Salome"]
[Black "Roumegous, Marina"]
[Result "1-0"]
[BlackTitle "WIM"]
[WhiteElo "2082"]
[BlackElo "2117"]
[WhiteTeam "MULHOUSE Philidor"]
[BlackTeam "Cavalier Bleu DRANCY"]
[WhiteFideId "662461"]
[BlackFideId "620416"]
[EventDate "2016.05.28"]

1. e4 c6 2. d4 d5 3. exd5 cxd5 4. Bd3 Nc6 5. c3 g6 6. Bf4 Bg7 7. Nf3 Nh6 8. Qb3
a6 9. a4 O-O 10. O-O f6 11. Re1 Nf7 12. Bf1 e5 13. Be3 e4 14. Nfd2 f5 15. f3 g5
16. Bf2 Qd6 17. Na3 Be6 18. Nc2 Rfc8 19. a5 Qd8 20. fxe4 Nxa5 21. Qa2 Nc6 22.
exd5 Bxd5 23. c4 Ne7 24. Rac1 Bc6 25. d5 Be8 26. Nd4 Bf6 27. Qb1 Nh6 28. Re6 Ng4
29. Nxf5 Bg6 30. Bd3 Nxd5 31. cxd5 Qxd5 32. Rxf6 Rxc1+ 33. Qxc1 Qxd3 34. Ne7+
Kg7 35. Rf3 Qd6 36. Qc3+ Nf6 37. Nxg6 Kxg6 38. Bd4 Nd5 39. Qd3+ 1-0

[Event "TCh-FRA Top 12 2016"]
[Site "Drancy FRA"]
[Date "2016.06.05"]
[Round "9.1"]
[Board "1"]
[White "Baklan, Vladimir"]
[Black "Chabanon, Jean-Luc"]
[Result "1/2-1/2"]
[WhiteTitle "GM"]
[BlackTitle "GM"]
[WhiteElo "2614"]
[BlackElo "2452"]
[WhiteTeam "C.E. STRASBOURG"]
[BlackTeam "Cavalier Bleu DRANCY"]
[WhiteFideId "14102196"]
[BlackFideId "600075"]
[EventDate "2016.05.28"]

1. e4 c5 2. Nf3 d6 3. d4 cxd4 4. Nxd4 Nf6 5. Nc3 g6 6. Be3 Bg7 7. Be2 Nc6 8. Qd2
Ng4 9. Bxg4 Bxg4 10. f3 Bd7 11. O-O O-O 12. Rfd1 Nxd4 13. Bxd4 Bxd4+ 14. Qxd4
Bc6 15. Rd2 a5 16. a4 Qc7 17. Rad1 Rab8 18. b3 b6 19. Re1 Rfc8 20. Qf2 e6 21.
Red1 Be8 22. Nb1 d5 23. exd5 exd5 24. Na3 Qe7 25. Nb1 Qc7 26. Re1 1/2-1/2

[Event "TCh-FRA Top 12 2016"]
[Site "Drancy FRA"]
[Date "2016.06.05"]
[Round "9.1"]
[Board "2"]
[White "Todorov, Todor"]
[Black "Nataf, Igor-Alexandre"]
[Result "0-1"]
[WhiteTitle "GM"]
[BlackTitle "GM"]
[WhiteElo "2494"]
[BlackElo "2531"]
[WhiteTeam "Cavalier Bleu DRANCY"]
[BlackTeam "C.E. STRASBOURG"]
[WhiteFideId "2903237"]
[BlackFideId "605492"]
[EventDate "2016.05.28"]

1. e4 c5 2. b3 Nc6 3. Bb2 e5 4. f4 exf4 5. Qf3 Nd4 6. Qxf4 Qf6 7. Qxf6 Nxf6 8.
Na3 Nxe4 9. Nf3 Ne6 10. Bd3 Nd6 11. O-O Be7 12. Nc4 Nxc4 13. Bxc4 O-O 14. Rae1
d6 15. Re4 Bd7 16. Bd5 Bc6 17. c4 Rfe8 18. Rfe1 Bf8 19. Bxc6 bxc6 20. Bc3 d5 21.
R4e2 Bd6 22. Ba5 Rec8 23. g3 h6 24. d3 Bc7 25. Bc3 a5 26. a4 Rab8 27. Rb1 Rd8
28. Nd2 dxc4 29. dxc4 Rd3 30. Rc1 Bd8 31. Rc2 Bg5 32. Kg2 Nd4 33. Bxd4 cxd4 34.
Nf3 Rxf3 0-1

[Event "TCh-FRA Top 12 2016"]
[Site "Drancy FRA"]
[Date "2016.06.05"]
[Round "9.1"]
[Board "3"]
[White "Rozentalis, Eduardas"]
[Black "Kogan, Arthur"]
[Result "1-0"]
[WhiteTitle "GM"]
[BlackTitle "GM"]
[WhiteElo "2593"]
[BlackElo "2528"]
[WhiteTeam "C.E. STRASBOURG"]
[BlackTeam "Cavalier Bleu DRANCY"]
[WhiteFideId "12800023"]
[BlackFideId "2800802"]
[EventDate "2016.05.28"]

1. e4 c6 2. d4 d5 3. Nd2 dxe4 4. Nxe4 Nd7 5. Bd3 Ngf6 6. Ng5 e6 7. Ne2 c5 8. O-O
Qc7 9. Nf4 c4 10. Nfxe6 fxe6 11. Nxe6 Qc6 12. d5 Qb6 13. Bxc4 Nc5 14. Bg5 Nxe6
15. Bxf6 Nf4 16. Re1+ Kf7 17. Be5 Qc5 18. Re4 g5 19. Rxf4+ gxf4 20. Qh5+ Kg8 21.
Bb3 Qd6 22. Qg5+ Qg6 23. d6+ 1-0

[Event "TCh-FRA Top 12 2016"]
[Site "Drancy FRA"]
[Date "2016.06.05"]
[Round "9.1"]
[Board "4"]
[White "Petkov, Vladimir"]
[Black "Sanikidze, Tornike"]
[Result "1/2-1/2"]
[WhiteTitle "GM"]
[BlackTitle "GM"]
[WhiteElo "2493"]
[BlackElo "2537"]
[WhiteTeam "Cavalier Bleu DRANCY"]
[BlackTeam "C.E. STRASBOURG"]
[WhiteFideId "2901188"]
[BlackFideId "13602608"]
[EventDate "2016.05.28"]

1. Nf3 Nf6 2. g3 g6 3. Bg2 Bg7 4. O-O O-O 5. d4 d5 6. c3 Nbd7 7. a4 c6 8. Nbd2
Qc7 9. Re1 e5 10. e4 exd4 11. Nxd4 dxe4 12. Nxe4 Nxe4 13. Bxe4 Nc5 14. Bg2 Ne6
15. Nb3 Bd7 16. Be3 Rad8 17. Qe2 c5 18. Qc4 Bc6 19. Bxc6 Qxc6 20. Qb5 Rc8 21.
Rad1 Qxb5 22. axb5 b6 23. Ra1 Ra8 24. Bf4 Rfd8 25. Re4 Rd5 26. Be3 Nc7 27. Rea4
Nxb5 28. c4 Rd3 29. Nxc5 bxc5 30. cxb5 Rb8 31. Rxa7 Bxb2 32. Ra8 Rdd8 33. Rxb8
Rxb8 34. Rb1 Ba3 35. Bf4 Rb7 36. b6 c4 37. Be3 c3 38. Ra1 Bd6 39. Ra7 Rb8 40.
Rd7 Bb4 41. b7 c2 42. Bh6 Bf8 43. Bc1 Bb4 44. Bh6 Bf8 45. Bf4 Ba3 46. Rc7 Kg7
47. Be5+ Kh6 48. Bf4+ Kg7 49. Be5+ Kh6 50. Rxc2 Rxb7 51. Rc4 Be7 52. h4 f6 53.
Bc3 Kg7 54. g4 Kf7 1/2-1/2

[Event "TCh-FRA Top 12 2016"]
[Site "Drancy FRA"]
[Date "2016.06.05"]
[Round "9.1"]
[Board "5"]
[White "Sebag, Marie"]
[Black "Komarov, Dimitri"]
[Result "1/2-1/2"]
[WhiteTitle "GM"]
[BlackTitle "GM"]
[WhiteElo "2490"]
[BlackElo "2506"]
[WhiteTeam "C.E. STRASBOURG"]
[BlackTeam "Cavalier Bleu DRANCY"]
[WhiteFideId "617822"]
[BlackFideId "14101270"]
[EventDate "2016.05.28"]

1. e4 c5 2. Nf3 e6 3. c3 d5 4. exd5 Qxd5 5. d4 Nf6 6. Be2 Nc6 7. O-O cxd4 8.
cxd4 Be7 9. Nc3 Qd6 10. Nb5 Qd8 11. Bf4 Nd5 12. Bg3 O-O 13. Bc4 a6 14. Bxd5 exd5
15. Nc7 Ra7 1/2-1/2

[Event "TCh-FRA Top 12 2016"]
[Site "Drancy FRA"]
[Date "2016.06.05"]
[Round "9.1"]
[Board "6"]
[White "Bijaoui, Manuel"]
[Black "Sharif, Mehrshad"]
[Result "1-0"]
[WhiteTitle "IM"]
[BlackTitle "IM"]
[WhiteElo "2406"]
[BlackElo "2425"]
[WhiteTeam "Cavalier Bleu DRANCY"]
[BlackTeam "C.E. STRASBOURG"]
[WhiteFideId "626783"]
[BlackFideId "600121"]
[EventDate "2016.05.28"]

1. e4 e5 2. Nf3 Nc6 3. Bb5 a6 4. Ba4 d6 5. c3 g6 6. d4 Bd7 7. O-O Bg7 8. Be3 Nf6
9. Nbd2 O-O 10. Re1 Ng4 11. Bg5 Qe8 12. h3 Nf6 13. Bb3 h6 14. Be3 Qe7 15. a3 Kh7
16. Rc1 Ng8 17. Bc2 Nd8 18. b4 b6 19. c4 exd4 20. Bxd4 Bxd4 21. Nxd4 c5 22. N4f3
Nc6 23. bxc5 bxc5 24. Nf1 Ne5 25. Ne3 Nf6 26. Nd5 Nxd5 27. exd5 Nxf3+ 28. Qxf3
Qg5 29. Rb1 Ra7 30. Rb6 Bxh3 31. Rxd6 Bg4 32. Rxg6 fxg6 33. Qxf8 Bf5 34. Qxc5
Rg7 35. Bd1 Bd3 36. Re3 Bb1 37. Qd4 Ba2 38. d6 1-0

[Event "TCh-FRA Top 12 2016"]
[Site "Drancy FRA"]
[Date "2016.06.05"]
[Round "9.1"]
[Board "7"]
[White "Vaisser, Anatoly"]
[Black "Karr, Jean-Philippe"]
[Result "1-0"]
[WhiteTitle "GM"]
[BlackTitle "IM"]
[WhiteElo "2509"]
[BlackElo "2366"]
[WhiteTeam "C.E. STRASBOURG"]
[BlackTeam "Cavalier Bleu DRANCY"]
[WhiteFideId "603252"]
[BlackFideId "612227"]
[EventDate "2016.05.28"]

1. d4 Nf6 2. c4 g6 3. Nc3 d5 4. cxd5 Nxd5 5. e4 Nxc3 6. bxc3 Bg7 7. Bb5+ c6 8.
Ba4 O-O 9. Ne2 c5 10. O-O Nc6 11. Be3 Na5 12. Bb5 a6 13. Bd3 Qc7 14. Qc1 Bd7 15.
Rb1 b5 16. Bh6 cxd4 17. Bxg7 Kxg7 18. cxd4 Qxc1 19. Rfxc1 Rac8 20. f3 f6 21. Kf2
Kf7 22. Ke3 e6 23. g4 Ke7 24. h4 Rxc1 25. Rxc1 Rc8 26. g5 f5 27. exf5 exf5 28.
Rh1 Be6 29. h5 Nc4+ 30. Kf4 Kd6 31. hxg6 hxg6 32. Rh6 Rg8 33. Rh7 Nb6 34. a3
Nd5+ 35. Kg3 Bd7 36. Bc2 Rc8 37. Bb3 Be6 38. Rg7 Rg8 39. Ra7 f4+ 40. Kf2 Bc8 41.
Nxf4 Nxf4 42. Bxg8 Nh3+ 43. Ke3 Nxg5 44. f4 Nh3 45. Rg7 Bf5 46. Bh7 a5 47. Bxg6
Bc8 48. Bd3 b4 49. axb4 axb4 50. Rg6+ Kc7 51. f5 b3 52. Rg3 1-0

[Event "TCh-FRA Top 12 2016"]
[Site "Drancy FRA"]
[Date "2016.06.05"]
[Round "9.1"]
[Board "8"]
[White "Roumegous, Marina"]
[Black "Vitoux, Colomban"]
[Result "1/2-1/2"]
[WhiteTitle "WIM"]
[BlackTitle "IM"]
[WhiteElo "2117"]
[BlackElo "2385"]
[WhiteTeam "Cavalier Bleu DRANCY"]
[BlackTeam "C.E. STRASBOURG"]
[WhiteFideId "620416"]
[BlackFideId "628549"]
[EventDate "2016.05.28"]

1. d4 Nf6 2. Nf3 g6 3. e3 Bg7 4. c4 O-O 5. Be2 c5 6. Nc3 cxd4 7. Nxd4 d6 8. O-O
Nbd7 9. b3 Nc5 10. Bb2 Bd7 11. Bf3 a5 12. Rc1 Qb6 13. Ndb5 Rfc8 14. Qe2 Bc6 15.
Rfd1 Qd8 16. Nd5 Nxd5 17. Bxd5 Bxb2 18. Qxb2 Bxb5 19. cxb5 Qb6 20. Bc4 e6 21.
Qd4 d5 22. Be2 Nd7 23. Qb2 Rc5 24. Rxc5 Qxc5 25. Rc1 Qd6 26. Qd2 Nb6 27. a4 e5
28. Rd1 Qc5 29. Rc1 Qd6 30. Rd1 Qc5 31. Rc1 Qe7 32. Bf3 e4 33. Be2 Qe5 34. g3
Nd7 35. Rd1 Nf6 36. Rc1 Nd7 37. Rd1 Nf6 38. Rc1 Kf8 39. Rc5 b6 40. Rc6 Nd7 41.
Kg2 Rb8 42. b4 axb4 43. Qxb4+ Kg7 44. Qd6 Qxd6 45. Rxd6 Nc5 46. Bd1 Kf8 47. Rxd5
Ke7 48. Bc2 Ke6 49. Rd4 f5 50. h3 Rb7 51. Rd8 Rd7 1/2-1/2

[Event "TCh-FRA Top 12 2016"]
[Site "Drancy FRA"]
[Date "2016.06.05"]
[Round "9.2"]
[Board "1"]
[White "Gledura, Benjamin"]
[Black "Neiksans, Arturs"]
[Result "1/2-1/2"]
[WhiteTitle "IM"]
[BlackTitle "GM"]
[WhiteElo "2557"]
[BlackElo "2627"]
[WhiteTeam "MULHOUSE Philidor"]
[BlackTeam "Les Tours de Haute Picardie, SAINT QUENTIN"]
[WhiteFideId "712779"]
[BlackFideId "11601388"]
[EventDate "2016.05.28"]

1. d4 Nf6 2. c4 e6 3. Nf3 b6 4. g3 Ba6 5. b3 Bb4+ 6. Bd2 Be7 7. Nc3 d5 8. cxd5
exd5 9. Bg2 O-O 10. O-O Re8 11. Qc2 Nbd7 12. Rfd1 Bb7 13. a3 c5 14. Bf4 Rc8 15.
Qb2 Nf8 16. Be5 Ng6 17. e3 Bd6 18. Bxd6 Qxd6 19. Rac1 Qe7 20. Rc2 Red8 21. Rdc1
cxd4 22. Nxd4 Ne5 23. Nxd5 Nxd5 24. Rxc8 Bxc8 25. Bxd5 Bh3 26. Be4 g6 27. a4 Nc4
28. Qc2 Nxe3 29. fxe3 Re8 30. Kf2 Qxe4 31. Qxe4 Rxe4 32. Rc7 a5 33. Rc6 Re5 34.
Rxb6 Bd7 35. Rb7 Rd5 36. Ke2 Kf8 37. Kd3 Ke8 38. h4 g5 39. hxg5 Rxg5 40. Ne2 Kd8
41. e4 Kc8 42. Rb6 Be6 43. b4 Kc7 44. bxa5 Rxa5 45. Rb4 Bd7 46. Nc3 Bc6 47. Ke3
Kd6 48. Kf4 Rh5 49. Rc4 Rh1 50. Nb5+ Kd7 51. Nd4 Rf1+ 52. Ke3 Ba8 53. Nf5 Bc6
54. Kd4 f6 55. Kc5 Re1 56. Nd6 Ra1 57. Nb5 Ba8 58. Kb6 Re1 59. Nc3 h5 60. Rc5
Re3 61. Nd5 Rxg3 62. Nxf6+ Ke6 63. Ka7 Kxf6 64. Kxa8 Rg5 65. Rc6+ Ke5 66. a5
Kxe4 67. a6 Ra5 68. Kb7 Kf3 69. Rh6 Kg4 70. a7 Rxa7+ 71. Kxa7 h4 72. Kb6 h3 73.
Kc5 Kg3 74. Kd4 h2 75. Ke3 Kg2 76. Rg6+ Kf1 77. Rh6 Kg2 78. Ke2 h1=Q 79. Rxh1
Kxh1 1/2-1/2

[Event "TCh-FRA Top 12 2016"]
[Site "Drancy FRA"]
[Date "2016.06.05"]
[Round "9.2"]
[Board "2"]
[White "Kovalenko, Igor"]
[Black "Bluebaum, Matthias"]
[Result "1/2-1/2"]
[WhiteTitle "GM"]
[BlackTitle "GM"]
[WhiteElo "2644"]
[BlackElo "2633"]
[WhiteTeam "Les Tours de Haute Picardie, SAINT QUENTIN"]
[BlackTeam "MULHOUSE Philidor"]
[WhiteFideId "14117908"]
[BlackFideId "24651516"]
[EventDate "2016.05.28"]

1. c4 Nf6 2. Nc3 c5 3. Nf3 e6 4. g3 b6 5. Bg2 Bb7 6. O-O Be7 7. d4 cxd4 8. Qxd4
O-O 9. Rd1 d6 10. b3 Nbd7 11. Ba3 Nc5 12. b4 Nce4 13. Nxe4 Bxe4 14. b5 Qc8 15.
Qe3 Rd8 16. Nd4 Bxg2 17. Kxg2 Qxc4 18. Rac1 Qd5+ 19. f3 Rd7 20. Qc3 e5 21. e4
Qb7 22. Nf5 Ne8 23. Nxe7+ Rxe7 24. Bxd6 Nxd6 25. Rxd6 h6 26. a4 Rae8 27. Qd3 Kh7
28. Rcc6 f6 29. g4 Rf7 30. h4 Qe7 31. Qd5 Qf8 32. Kf1 Rfe7 33. Ke2 Rf7 34. Qc4
Rfe7 35. Kf2 Rf7 36. Qd3 Kh8 37. Kg2 Rfe7 38. Qd2 Rf7 39. h5 Rfe7 40. a5 bxa5
41. Qxa5 Qf7 42. Rd5 Kh7 43. Qd2 Rf8 44. Qd3 Kh8 45. Rdd6 Rfe8 46. Qd5 Kh7 47.
Kf2 Rb8 48. Rc5 Qf8 49. Qc4 Qf7 50. Qxf7 Rxf7 51. Ra6 Rfb7 52. Ra5 Rd8 53. Ke3
Rd1 54. Rd5 Rb1 55. Kd3 Rc7 56. Ra3 Rd1+ 57. Ke3 Rb1 58. Kd3 Rd1+ 59. Ke3 1/2-1/2